Language Quiz

Random Language Quiz

Mexican National Anthem Quiz Stats

 Plays Quiz not verified by Sporcle

Also try: Rhymes With 'Dip'
Challenge
Share
Tweet
Embed
Score 0/94 Timer 05:00
0 Plays Today
% Correct
de
93.8%
de
93.8%
de
93.8%
de
93.8%
Mexicanos
92.7%
guerra
92.7%
al
91.7%
al
91.7%
al
91.7%
grito
90.6%
y
89.6%
Y
89.6%
Y
89.6%
el
88.5%
el
88.5%
la
88.5%
la
88.5%
la
88.5%
el
88.5%
el
88.5%
el
88.5%
el
88.5%
tierra
87.5%
tierra
87.5%
en
86.5%
en
86.5%
en
86.5%
en
86.5%
en
86.5%
del
80.2%
cañón
80.2%
del
80.2%
% Correct
cañón
80.2%
su
80.2%
acero
78.1%
Patria
78.1%
Patria
78.1%
bridón
77.1%
retiemble
76%
centros
76%
retiemble
76%
centros
76%
si
76%
sus
75%
un
75%
un
75%
Un
75%
rugir
74%
rugir
74%
hijo
74%
dio
74%
hijo
74%
dio
74%
aprestad
72.9%
sonoro
72.9%
sonoro
72.9%
soldado
70.8%
soldado
70.8%
te
69.8%
te
69.8%
tu
68.8%
tu
68.8%
se
67.7%
cada
67.7%
% Correct
cada
67.7%
que
65.6%
enemigo
65.6%
que
65.6%
cielo
64.6%
con
64.6%
cielo
64.6%
profanar
63.5%
oh
62.5%
tus
62.5%
divino
62.5%
oh
62.5%
Dios
61.5%
extraño
61.5%
oliva
60.4%
por
60.4%
Mas
58.3%
paz
57.3%
arcángel
57.3%
destino
57.3%
escribió
57.3%
osare
57.3%
Ciña
54.2%
sienes
54.2%
eterno
54.2%
dedo
54.2%
querida
54.2%
suelo
53.1%
planta
52.1%
piensa
50%

You're not logged in!

Compare scores with friends on all Sporcle quizzes.
Join for Free
OR
Log In

You Might Also Like...

Show Comments

Extras

Created Jun 20, 2011ReportNominate
Tags:anthem, mexico

Top Quizzes Today


Score Distribution

Your Account Isn't Verified!

In order to create a playlist on Sporcle, you need to verify the email address you used during registration. Go to your Sporcle Settings to finish the process.

Report this User

Report this user for behavior that violates our Community Guidelines.

Details: